书目信息 |
| 题名: |
新大学日语阅读与写作 3
|
|
| 作者: | 陈俊总主编 , 陈百海 主编 | |
| 分册: | ||
| 出版信息: | 北京 高等教育出版社 2003.08 |
|
| 页数: | 239页 | |
| 开本: | 29cm | |
| 丛书名: | ||
| 单 册: | ||
| 中图分类: | H36 | |
| 科图分类: | ||
| 主题词: | 日语 | |
| 电子资源: | ||
| ISBN: | 7-04-012140-9 | |
| 000 | 00702nam0 2200217 450 | |
| 001 | 0538347690 | |
| 005 | 20050330104031.64 | |
| 010 | @a7-04-012140-9@dCNY 24.80 | |
| 100 | @a20050330d2003 km y0chiy0120 ea | |
| 101 | 0 | @achi |
| 102 | @aCN@b110000 | |
| 200 | 1 | @a新大学日语阅读与写作 3@Axin da xue ri yu yue du yu xie zuo 3@f陈俊总主编,陈百海主编@Fchen jun zong zhu bian,chen bai hai zhu bian |
| 210 | @a北京@c高等教育出版社@d2003.08 | |
| 215 | @a239页@d29cm | |
| 300 | @a普通高等教育"十五"国家级规划教材 | |
| 606 | 0 | @a日语 |
| 690 | @aH36@v3 | |
| 701 | 0 | @a陈俊总主编@Achen jun zong zhu bian@4主编 |
| 701 | 0 | @a陈百海@Achen bai hai@4主编 |
| 801 | 0 | @aCN@bPFT@c20050330 |
| 905 | @a10447@dH36@eC470:3 | |
| 新大学日语阅读与写作 3/陈俊总主编,陈百海主编.-北京:高等教育出版社,2003.08 |
| 239页;29cm |
| 普通高等教育"十五"国家级规划教材 |
| ISBN 7-04-012140-9:CNY 24.80 |
| ● |
| 相关链接 |
|
|
|
正题名:新大学日语阅读与写作 3
索取号:H36/C470:3
 
预约/预借
| 序号 | 登录号 | 条形码 | 馆藏地/架位号 | 状态 | 备注 |
| 1 | 440059 | 204400594 | 语言库209/209语言库 123排1列4层/ [索取号:H36/C470:3] | 在馆 | |
| 2 | 440060 | 204400601 | 外国语学院资料室/209语言库 123排1列4层/ [索取号:H36/C470:3] | 在馆 | |
| 3 | 440061 | 204400610 | 语言库209/209语言库 123排1列4层/ [索取号:H36/C470:3] | 在馆 |